| 000 | 01378nam a2200373 i 4500 | ||
|---|---|---|---|
| 001 | 11668 | ||
| 003 | KOSZ 005 | ||
| 005 | 20191028133501.0 | ||
| 008 | 071025s1968 pl a f 001 0 pol | ||
| 015 | _aPB 1968/8442 | ||
| 040 |
_aWA N _cWA N _dKOSZ 005/RW _dKOSZ 005/HR |
||
| 041 | 1 |
_apol _hrus |
|
| 080 | _a621.313 | ||
| 080 | _a62-5 | ||
| 080 | _a681.5 | ||
| 100 | 1 |
_aČečet, Ûrij Sergeevič _eAutor |
|
| 245 | 1 | 0 |
_aMikromaszyny elektryczne w automatyce / _cJ. S. Czeczet ; tłumaczenie z rosyjskiego Kazimierz Strauchold. |
| 246 | 1 |
_iTytuł oryginału : _aÈlektričeskie mikromašiny avtomatičeskih ustrojstv. |
|
| 260 |
_aWarszawa : _bWydawnictwa Naukowo-Techniczne, _c1968. |
||
| 300 |
_a358, [1] stron : _bilustracje ; _c25 cm. |
||
| 336 |
_2rdacontent _aTekst _btxt |
||
| 337 |
_2rdamedia _aBez urządzenia pośredniczącego _bnc |
||
| 338 |
_2rdacarrier _aWolumin _bnc |
||
| 380 | _aKsiążki. | ||
| 504 | _aBibliografia na stronach 351-354. Indeks. | ||
| 658 | _aInżynieria i technika | ||
| 650 | 4 | _aAutomatyka | |
| 650 | 4 | _aUrządzenia | |
| 650 | 4 | _aMaszyny elektryczne | |
| 700 | 1 |
_aStrauchold, Kazimierz. _eTłumaczenie |
|
| 710 | 2 |
_aWydawnictwa Naukowo-Techniczne _4pbl. |
|
| 856 |
_uhttp://koha.tu.koszalin.pl/cgi-bin/koha/opac-detail.pl?biblionumber=11668 _yKatalog online BPK |
||
| 942 |
_2UKD _cKS |
||
| 999 |
_c11668 _d11668 |
||